| 000 | 00869nam a2200265 i 4500 | ||
|---|---|---|---|
| 001 | bg | ||
| 100 | 1 | _aSOIŃSKI, Kamil | |
| 245 | 1 | 0 |
_aKazusy z części szczegółowej prawa zobowiązań z rozwiązaniami / _cKamil Soiński i Jacek Toczkowski. |
| 260 |
_aWarszawa : _bC. H. Beck, _c1999. |
||
| 300 |
_aX, 210 s. ; _c24 cm. |
||
| 490 | 1 | _aSkrypty Becka | |
| 504 | _aBibliogr. przy rozdz. | ||
| 650 | 9 |
_aPrawo zobowiązaniowe _zPolska _ystan na 1999 r. |
|
| 655 | _aPodręczniki akademickie | ||
| 700 | 1 | _aTOCZKOWSKI, Jacek | |
| 830 | _aSkrypty Becka | ||
| 020 | _a8371103328 | ||
| 040 | _cBPK | ||
| 041 | 0 | _apol | |
| 080 | _a347.41/.43(438)(075.8) | ||
| 920 | _a83-7110-332-8 | ||
| 942 | _cKS | ||
| 008 | s pl f |000 0 pol | ||
| 999 |
_c43502 _d43502 |
||
| 856 |
_uhttp://koha.tu.koszalin.pl/cgi-bin/koha/opac-detail.pl?biblionumber=43502 _yKatalog online BPK |
||